Workers and Communists in France : from popular front to Eurocommunism /

Bibliographic Details
Main Author: Ross, George, 1940-
Format: Book
Language:English
Published: Berkeley : University of California Press, [1982]
Subjects:

MARC

Tag First Indicator Second Indicator Subfields
LEADER 00000pam a2200000 a 4500
001 in00000083119
005 20151008055603.0
008 801027s1982 cau b 00110 engm
010 |a  80026532  
020 |a 0520040759 
035 |a (OCoLC)06942274 
035 |9 AAJ3856AM 
040 |a DLC  |c DLC  |d m.c.  |d TXA  |d UtOrBLW 
043 |a e-fr--- 
049 |a TXAM  |c [951950] 
050 0 0 |a JN3007.C6  |b R67 
082 0 |a 324.244075  |2 19 
100 1 |a Ross, George,  |d 1940- 
245 1 0 |a Workers and Communists in France :  |b from popular front to Eurocommunism /  |c George Ross. 
264 1 |a Berkeley :  |b University of California Press,  |c [1982] 
264 4 |c ©1982 
300 |a xvi, 357 pages ;  |c 24 cm. 
336 |a text  |b txt  |2 rdacontent 
337 |a unmediated  |b n  |2 rdamedia 
338 |a volume  |b nc  |2 rdacarrier 
500 |a Includes index. 
504 |a Bibliography: pages 337-347. 
610 2 0 |a Parti communiste français  |x History. 
610 2 0 |a Confédération générale du travail  |x History. 
999 |a MARS 
999 f f |s 12e03396-1e4b-3cb7-8915-4349c5235104  |i 81fa4415-5e21-3d18-8fdc-238c56ab7b65  |t 0 
952 f f |p ric  |a Texas A&M University  |b Rellis Campus  |c Joint Library Facility  |d Remote Storage  |t 0  |e JN3007.C6 R67  |h Library of Congress classification  |i unmediated -- volume  |m A14806151903 
998 f f |a JN3007.C6 R67  |t 0  |l Remote Storage